| 000 -LEADER | |
|---|---|
| fixed length control field | 00431nam a22001697a 4500 |
| 005 - DATE AND TIME OF LATEST TRANSACTION | |
| control field | 20260331132952.0 |
| 008 - FIXED-LENGTH DATA ELEMENTS--GENERAL INFORMATION | |
| fixed length control field | 260331b |||||||| |||| 00| 0 eng d |
| 020 ## - INTERNATIONAL STANDARD BOOK NUMBER | |
| ISBN | 0-85404-200-8 |
| 041 ## - LANGUAGE CODE | |
| Language code of text/sound track or separate title | eng |
| 082 ## - DEWEY DECIMAL CLASSIFICATION NUMBER | |
| Classification number | 622.028 HES-M |
| 100 ## - MAIN ENTRY--AUTHOR NAME | |
| Personal name | HESTER, R.E AND HARRISON, R M. |
| 245 ## - TITLE STATEMENT | |
| Title | MINING AND ITS ENVIRONMENTAL IMPACT |
| 260 ## - PUBLICATION, DISTRIBUTION, ETC. (IMPRINT) | |
| Name of publisher | THE ROYAL SCIENCE |
| 300 ## - PHYSICAL DESCRIPTION | |
| Number of Pages | 164;P |
| 650 ## - SUBJECT ADDED ENTRY--TOPICAL TERM | |
| Topical Term | MINING ENGINEERING |
| 942 ## - ADDED ENTRY ELEMENTS (KOHA) | |
| Koha item type | Books |
| Lost status | Damaged status | Collection code | Home library | Current library | Shelving location | Date acquired | Source of acquisition | Cost, normal purchase price | Full call number | Accession Number | Koha item type |
|---|---|---|---|---|---|---|---|---|---|---|---|
| MINING | JRU Library | JRU Library | Reference Section | 31/03/2026 | PURCHASE | 4822.00 | 622.028 | 29421 | Books | ||
| MINING | JRU Library | JRU Library | 31/03/2026 | PURCHASE | 4822.00 | 622.028 | 29422 | Books |